000 00441nam a2200145Ia 4500
008 100204s9999 xx 000 0 und d
082 _b7946
100 _aजाधव भास्कर
245 _aद्र्रौपदी
260 _b"मधुर पब्लिकेशन , पुणे 2"
_c1985
300 _a396
630 _aद्र्रौपदी
730 _aद्र्रौपदी
942 _cBOOK
999 _c452382
_d452379